[Event "HUN-chT 1920"]
[Site "Hungary"]
[Date "2020.03.08"]
[Round "7.12"]
[White "Egyed, Judit"]
[Black "Diller, Denis"]
[Result "1-0"]
[WhiteElo "2080"]
[BlackElo "2136"]
[PlyCount "83"]
[EventDate "2019.11.16"]
[EventType "team-tourn"]
[EventRounds "9"]
[EventCountry "HUN"]
[SourceTitle "CBM 195 Extra"]
[Source "ChessBase"]
[SourceDate "2020.05.31"]
[SourceVersion "1"]
[SourceVersionDate "2020.05.31"]
[SourceQuality "1"]
[WhiteTeam "Budapest MTK"]
[BlackTeam "Kobanya Aquarena"]
[WhiteTeamCountry "HUN"]
[BlackTeamCountry "HUN"]

1. e4 c5 2. Nf3 Nc6 3. d4 cxd4 4. Nxd4 g6 5. Be3 Bg7 6. Nc3 Nf6 7. Bc4 0-0 8. Bb3 Ng4 9. Qxg4 Nxd4 10. Qd1 Nxb3 11. axb3 a6 12. 0-0 d6 13. Bd4 e5 14. Be3 Be6 15. Qd3 Qe7 16. Nd5 Bxd5 17. Qxd5 Kh8 18. Rad1 Rad8 19. Bd2 f5 20. Bb4 Rf6 21. f3 Qc7 22. Kh1 Qxc2 23. Bc3 Qe2 24. Bxe5 dxe5 25. Qxd8+ Rf8 26. Qd5 fxe4 27. Qxe4 Qxb2 28. Qxb7 Qe2 29. Rfe1 Qb2 30. h3 a5 31. Rd7 e4 32. fxe4 Qc3 33. Red1 Rf2 34. Rxg7 Qxg7 35. Rd8+ Rf8 36. Qxg7+ Kxg7 37. Rxf8 Kxf8 38. Kg1 Ke7 39. Kf2 Kd6 40. Ke3 Ke5 41. h4 h6 42. g3 1-0

[Event "HUN-chT 1920"]
[Site "Hungary"]
[Date "2020.02.02"]
[Round "5.12"]
[White "Csonka, Attila Istvan"]
[Black "Diller, Denis"]
[Result "1-0"]
[WhiteElo "2348"]
[BlackElo "2136"]
[PlyCount "103"]
[EventDate "2019.11.16"]
[EventType "team-tourn"]
[EventRounds "9"]
[EventCountry "HUN"]
[SourceTitle "CBM 194 Extra"]
[Source "ChessBase"]
[SourceDate "2020.03.31"]
[SourceVersion "1"]
[SourceVersionDate "2020.03.31"]
[SourceQuality "1"]
[WhiteTeam "HVSE Infraplan"]
[BlackTeam "Kobanya Aquarena"]
[WhiteTeamCountry "HUN"]
[BlackTeamCountry "HUN"]

1. e4 c5 2. Nf3 d6 3. d4 Nf6 4. Nc3 cxd4 5. Qxd4 a6 6. Bg5 Nc6 7. Qd2 e6 8. 0-0-0 Be7 9. Nd4 Bd7 10. f4 b5 11. Bxf6 gxf6 12. Kb1 Qb6 13. Nxc6 Bxc6 14. Bd3 b4 15. Ne2 d5 16. Ng3 d4 17. Bc4 0-0-0 18. Qe2 a5 19. f5 Bb7 20. Rhe1 Bd6 21. fxe6 Bxg3 22. hxg3 fxe6 23. Qg4 Rhe8 24. Rh1 Qc6 25. Bd3 Rg8 26. Qf4 e5 27. Qf2 Rd7 28. Rh6 Rg6 29. Rdh1 f5 30. Qxf5 Rxh6 31. Qf8+ Rd8 32. Qxh6 Qxh6 33. Rxh6 Rg8 34. Rh5 Rxg3 35. b3 Rxg2 36. Rxe5 Rh2 37. Rxa5 h5 38. a3 bxa3 39. Ka2 h4 40. Rh5 h3 41. Kxa3 Rh1 42. Kb4 Kc7 43. Kc5 Bc8 44. Rh7+ Kb8 45. Kb6 Rh2 46. Rh8 Rg2 47. e5 Rg5 48. Bf1 h2 49. Rxh2 Rxe5 50. Rh8 Re3 51. Bd3 Re5 52. Rd8 1-0

[Event "HUN-chT2 Maroczy 1819"]
[Site "Hungary"]
[Date "2019.03.31"]
[Round "10.11"]
[White "Diller, Denis"]
[Black "Metaxasz, Vaszilisz"]
[Result "1/2-1/2"]
[WhiteElo "2117"]
[BlackElo "1993"]
[PlyCount "105"]
[EventDate "2018.09.23"]
[EventType "team-tourn"]
[EventRounds "11"]
[EventCountry "HUN"]
[SourceTitle "EXT 2021"]
[Source "ChessBase"]
[SourceDate "2020.10.23"]
[SourceVersion "1"]
[SourceVersionDate "2020.10.23"]
[SourceQuality "1"]
[WhiteTeam "Kobanya Aquarena II"]
[BlackTeam "Taban Spartacus"]
[WhiteTeamCountry "HUN"]
[BlackTeamCountry "HUN"]

1. d4 Nf6 2. c4 e6 3. Nc3 d5 4. Nf3 c6 5. Bg5 Nbd7 6. e3 Be7 7. Bd3 0-0 8. 0-0 Re8 9. e4 dxe4 10. Bxe4 Nxe4 11. Nxe4 Bxg5 12. Nfxg5 h6 13. Nf3 Nf6 14. Qe2 b6 15. Nxf6+ Qxf6 16. Ne5 Bb7 17. c5 Rad8 18. Qe4 bxc5 19. dxc5 Rd5 20. Rfe1 Red8 21. Rac1 Rd2 22. Re2 Rd1+ 23. Rxd1 Rxd1+ 24. Re1 Rd2 25. f4 Qf5 26. Qxf5 exf5 27. Nc4 Rc2 28. Na5 Rxb2 29. Re8+ Kh7 30. Re7 Ba6 31. Nxc6 Bd3 32. Nxa7 Be4 33. c6 Rxg2+ 34. Kf1 Rxa2 35. c7 Rxa7 36. c8Q Rxe7 37. Kf2 Rb7 38. Qf8 Rb2+ 39. Ke3 Rb7 40. h4 Rd7 41. Qe8 Rd3+ 42. Ke2 Rh3 43. Qxf7 Rxh4 44. Ke3 Rh2 45. Kd4 Rb2 46. Qe8 Rb4+ 47. Kc5 Rb7 48. Kd6 Rb6+ 49. Kc5 Rg6 50. Qa4 Bf3 51. Qb3 Bg4 52. Kd5 h5 53. Qg3 1/2-1/2

[Event "Budapest-chT1 Lilienthal 1718"]
[Site "Budapest"]
[Date "2017.10.15"]
[Round "2"]
[White "Waldmann, Ivan"]
[Black "Diller, Denis"]
[Result "1/2-1/2"]
[WhiteElo "2100"]
[BlackElo "1933"]
[PlyCount "44"]
[EventDate "2017.10.01"]
[EventType "team-tourn"]
[EventRounds "13"]
[EventCountry "HUN"]
[SourceTitle "EXT 2021"]
[Source "ChessBase"]
[SourceDate "2020.10.23"]
[SourceVersion "1"]
[SourceVersionDate "2020.10.23"]
[SourceQuality "1"]
[WhiteTeam "Budapest MTK III"]
[BlackTeam "Aquarena III"]
[WhiteTeamCountry "HUN"]
[BlackTeamCountry "HUN"]

1. e4 e5 2. Nf3 Nc6 3. Bb5 a6 4. Ba4 Nf6 5. 0-0 Nxe4 6. d4 b5 7. Bb3 d5 8. dxe5 Be6 9. c3 Bc5 10. Qe2 0-0 11. Nbd2 Nxf2 12. Rxf2 f6 13. exf6 Qxf6 14. Nf1 Bxf2+ 15. Qxf2 Ne5 16. N1d2 Rae8 17. Qh4 Nxf3+ 18. Nxf3 Qg6 19. Qg5 Qd3 20. Qe3 Qg6 21. Qg5 Qd3 22. Qe3 Qg6 1/2-1/2

[Event "HUN-chT2 Erkel 1617"]
[Site "Hungary"]
[Date "2017.04.09"]
[Round "11.10"]
[White "Diller, Denis"]
[Black "Veres, Istvan1111"]
[Result "1-0"]
[WhiteElo "1849"]
[BlackElo "1894"]
[PlyCount "49"]
[EventDate "2016.09.25"]
[EventType "team-tourn"]
[EventRounds "11"]
[EventCountry "HUN"]
[SourceTitle "EXT 2021"]
[Source "ChessBase"]
[SourceDate "2020.10.23"]
[SourceVersion "1"]
[SourceVersionDate "2020.10.23"]
[SourceQuality "1"]
[WhiteTeam "Andornaktalya"]
[BlackTeam "Szada GSBE"]
[WhiteTeamCountry "HUN"]
[BlackTeamCountry "HUN"]

1. d4 d6 2. c4 c5 3. dxc5 Qa5+ 4. Nc3 Qxc5 5. e4 Nf6 6. Be3 Qa5 7. Qd2 Bd7 8. Bd3 g6 9. Nf3 Bg7 10. 0-0 Ng4 11. Nd5 Qd8 12. Bd4 Ne5 13. Nxe5 Bxe5 14. Bxe5 dxe5 15. Qh6 e6 16. Qg7 Rf8 17. Qxe5 Nc6 18. Nc7+ Ke7 19. Qc5+ Kf6 20. Nxa8 Qxa8 21. Qe3 Kg7 22. f4 f5 23. Rad1 Nb4 24. Bb1 Rf7 25. Qc3+ 1-0

[Event "HUN-chT2 Erkel 1617"]
[Site "Hungary"]
[Date "2016.10.30"]
[Round "3.11"]
[White "Nagy, Ferenc3333"]
[Black "Diller, Denis"]
[Result "0-1"]
[WhiteElo "1898"]
[BlackElo "1849"]
[PlyCount "44"]
[EventDate "2016.09.25"]
[EventType "team-tourn"]
[EventRounds "11"]
[EventCountry "HUN"]
[SourceTitle "EXT 2021"]
[Source "ChessBase"]
[SourceDate "2020.10.23"]
[SourceVersion "1"]
[SourceVersionDate "2020.10.23"]
[SourceQuality "1"]
[WhiteTeam "Jaszbereny"]
[BlackTeam "Andornaktalya"]
[WhiteTeamCountry "HUN"]
[BlackTeamCountry "HUN"]

1. e4 e5 2. Nf3 Nc6 3. Bb5 a6 4. Ba4 Nf6 5. 0-0 b5 6. Bb3 Nxe4 7. d4 d5 8. Nxe5 Nxe5 9. dxe5 Be6 10. Be3 Nc5 11. c3 Nxb3 12. axb3 c5 13. f4 g6 14. Na3 Be7 15. g4 Qd7 16. g5 Bf5 17. Rf2 h6 18. Qe2 d4 19. Bd2 hxg5 20. fxg5 Rd8 21. Re1 Rh4 22. Rxf5 Qxf5 0-1

[Event "Eger Agria op 40th"]
[Site "Eger"]
[Date "2016.07.19"]
[Round "3"]
[White "Diller, Denis"]
[Black "Eperjesi, Laszlo"]
[Result "0-1"]
[WhiteElo "1873"]
[BlackElo "2152"]
[PlyCount "102"]
[EventDate "2016.07.18"]
[EventType "swiss"]
[EventRounds "8"]
[EventCountry "HUN"]
[SourceTitle "EXT 2020"]
[Source "ChessBase"]
[SourceDate "2019.10.17"]
[SourceVersion "1"]
[SourceVersionDate "2019.10.17"]
[SourceQuality "1"]

1. Nf3 Nf6 2. c4 e6 3. d4 d5 4. g3 dxc4 5. Bg2 Nc6 6. 0-0 Rb8 7. a4 a6 8. Nc3 Bb4 9. Bg5 h6 10. Bxf6 Qxf6 11. e3 0-0 12. Nd2 Na5 13. Qe2 b5 14. Nde4 Qe7 15. axb5 axb5 16. Rad1 Bb7 17. f4 f5 18. Nf2 Bxg2 19. Kxg2 c5 20. Kg1 Bxc3 21. bxc3 Nb3 22. g4 Rbd8 23. h3 Qc7 24. Kh1 Qc6+ 25. Kh2 cxd4 26. cxd4 g6 27. Rg1 Kh7 28. Qc2 Qd5 29. Rg3 Rg8 30. Rdg1 Rdf8 31. h4 b4 32. gxf5 exf5 33. Rb1 Re8 34. Nd1 Qe4 35. Qxe4 fxe4 36. Nf2 Rg7 37. Ng4 Re6 38. Ne5 Rc7 39. Nxc4 Nxd4 40. Rxb4 Nf5 41. Rg4 h5 42. Rg5 Nxh4 43. Ne5 Nf3+ 44. Nxf3 exf3 45. Re5 Rxe5 46. fxe5 g5 47. Kg3 g4 48. Rf4 Kg6 49. Kh4 Rf7 50. Kg3 Rxf4 51. exf4 Kf5 0-1

[Event "Budapest Art Pub Cup 6th"]
[Site "Budapest"]
[Date "2015.01.03"]
[Round "4"]
[White "Diller, Denis"]
[Black "Kokeny, Norbert Adrian"]
[Result "1-0"]
[WhiteElo "1838"]
[BlackElo "2086"]
[PlyCount "179"]
[EventDate "2015.01.02"]
[EventType "swiss"]
[EventRounds "6"]
[EventCountry "HUN"]
[SourceTitle "CBM 164 Extra"]
[Source "ChessBase"]
[SourceDate "2015.03.02"]
[SourceVersion "1"]
[SourceVersionDate "2015.03.02"]
[SourceQuality "1"]

1. d4 Nf6 2. c4 e6 3. Nf3 c5 4. d5 exd5 5. cxd5 d6 6. Nc3 g6 7. e4 Bg7 8. Bf4 a6 9. Qa4+ Bd7 10. Qb3 Bc8 11. a4 0-0 12. Bd3 Nh5 13. Bg5 Qc7 14. 0-0 Nd7 15. Nd2 h6 16. Be3 Ne5 17. Be2 Ng4 18. Bxg4 Bxg4 19. f3 Bd7 20. Nc4 f5 21. e5 b5 22. axb5 axb5 23. Rxa8 Rxa8 24. Nxb5 Qb8 25. Nca3 Rxa3 26. bxa3 Qxb5 27. Qxb5 Bxb5 28. Rb1 Bc4 29. exd6 Nf6 30. Bxc5 Nd7 31. Bb4 Bd4+ 32. Kh1 Kf7 33. Rc1 Bb5 34. Re1 Be5 35. Rc1 Bd4 36. Rc7 Bb6 37. Rc1 Bd4 38. Rb1 Ba4 39. Rc1 Bb6 40. Rb1 Nf6 41. Bd2 Nxd5 42. Bxh6 Ke6 43. Bf8 Kd7 44. Rc1 Ne3 45. Rb1 Nd5 46. Rc1 f4 47. Rc4 Bb3 48. Rc1 Ba4 49. Rc4 Bb5 50. Rc1 Bc6 51. Rb1 Bc5 52. Ra1 g5 53. h3 Ne3 54. Rc1 Bd4 55. Bh6 Bf6 56. Bf8 Nf5 57. Kh2 Nxd6 58. Rd1 Be5 59. Bh6 Bf6 60. Bf8 Be5 61. Bh6 Bf6 62. h4 gxh4 63. Bxf4 Be7 64. Kh3 Ke6 65. Bxd6 Bxd6 66. Rxd6+ Kxd6 67. Kxh4 Ke6 68. Kg4 Kf6 69. Kf4 Bb5 70. g4 Bc6 71. Kg3 Kg5 72. f4+ Kg6 73. Kf2 Bd7 74. Kf3 Kf6 75. Kg3 Kg6 76. Kh4 Kh6 77. f5 Kg7 78. Kg5 Ba4 79. Kf4 Bd1 80. g5 Kf7 81. Ke5 Bb3 82. g6+ Ke7 83. f6+ Kf8 84. Kf5 Kg8 85. Kg5 Ba4 86. Kh6 Be8 87. g7 Bf7 88. a4 Bb3 89. a5 Bc4 90. a6 1-0

[Event "EU-ch U10 23rd"]
[Site "Budva"]
[Date "2013.10.06"]
[Round "7"]
[White "Diller, Denis"]
[Black "Mitran, Anthony Cristian"]
[Result "1-0"]
[WhiteElo "1698"]
[BlackElo "1525"]
[PlyCount "128"]
[EventDate "2013.09.29"]
[EventType "swiss"]
[EventRounds "9"]
[EventCountry "MNE"]
[SourceTitle "EXT 2014"]
[Source "ChessBase"]
[SourceDate "2013.11.20"]
[SourceVersion "1"]
[SourceVersionDate "2013.11.20"]
[SourceQuality "1"]

1. d4 d5 2. c4 c6 3. Nf3 Nf6 4. Nbd2 e6 5. e3 Nbd7 6. Bd3 dxc4 7. Nxc4 b5 8. Nce5 Bb7 9. 0-0 Bd6 10. Nxd7 Nxd7 11. a4 a6 12. Bc2 0-0 13. Qd3 f5 14. Bb3 Qe7 15. axb5 axb5 16. Bd2 Kh8 17. Bc3 Rfb8 18. Rxa8 Rxa8 19. Rd1 Nb6 20. Ne5 Na4 21. Bxa4 Rxa4 22. f3 Ra8 23. Be1 Rd8 24. Bg3 Bxe5 25. Bxe5 Qg5 26. Kf2 Ra8 27. Rh1 Qe7 28. Rc1 Rc8 29. Rc5 Qh4+ 30. Bg3 Qe7 31. Qc3 Ra8 32. Qb3 h6 33. Qb4 Ra4 34. Qb3 Ra8 35. Re5 Re8 36. Qc2 Qd7 37. Rc5 Rc8 38. Be5 Qe7 39. g3 Qd7 40. Qd2 Ra8 41. e4 fxe4 42. fxe4 Rf8+ 43. Kg2 Kh7 44. Qe2 Qf7 45. Bd6 Rd8 46. e5 Qf5 47. g4 Qf4 48. Qd3+ Kh8 49. h3 Ra8 50. d5 exd5 51. Qf5 Qxf5 52. gxf5 Kg8 53. Rc3 Rd8 54. Rg3 Kf7 55. Bc7 Re8 56. Bd6 Rd8 57. Bc7 Re8 58. Bd6 Bc8 59. e6+ Kg8 60. f6 Rxe6 61. Rxg7+ Kh8 62. f7 Rf6 63. f8Q+ Rxf8 64. Bxf8 d4 1-0

[Event "Budapest Art Pub Cup 2nd"]
[Site "Budapest"]
[Date "2013.08.11"]
[Round "6"]
[White "Kovacs, Gabor Etele"]
[Black "Diller, Denis"]
[Result "1-0"]
[WhiteElo "1571"]
[BlackElo "1671"]
[PlyCount "69"]
[EventDate "2013.08.09"]
[EventType "swiss"]
[EventRounds "6"]
[EventCountry "HUN"]
[SourceTitle "CBM 156 Extra"]
[Source "ChessBase"]
[SourceDate "2013.10.22"]
[SourceVersion "1"]
[SourceVersionDate "2013.10.22"]
[SourceQuality "1"]

1. e4 e6 2. d4 d5 3. exd5 exd5 4. Nf3 Nf6 5. Bg5 Be7 6. Bd3 0-0 7. 0-0 Bg4 8. Nbd2 Nbd7 9. c3 c6 10. Qc2 Re8 11. Rfe1 Qc7 12. h3 Bh5 13. Re3 Bd6 14. Rae1 Rxe3 15. Rxe3 h6 16. Bxf6 Nxf6 17. g4 Bxg4 18. hxg4 Nxg4 19. Re1 Bh2+ 20. Kf1 Nxf2 21. Kxf2 Bg3+ 22. Ke2 Re8+ 23. Kd1 Bxe1 24. Nxe1 Qg3 25. Ndf3 g6 26. Qd2 Kg7 27. Qg2 Qxg2 28. Nxg2 g5 29. Kd2 f6 30. Ne3 h5 31. Nf5+ Kf8 32. Nd6 Re7 33. Bf5 Kg7 34. Bc8 Rc7 35. Ne8+ 1-0

[Event "Budapest Art Pub Cup 2nd"]
[Site "Budapest"]
[Date "2013.08.10"]
[Round "2"]
[White "Lakatos, Tamas"]
[Black "Diller, Denis"]
[Result "0-1"]
[WhiteElo "1448"]
[BlackElo "1671"]
[PlyCount "32"]
[EventDate "2013.08.09"]
[EventType "swiss"]
[EventRounds "6"]
[EventCountry "HUN"]
[SourceTitle "CBM 156 Extra"]
[Source "ChessBase"]
[SourceDate "2013.10.22"]
[SourceVersion "1"]
[SourceVersionDate "2013.10.22"]
[SourceQuality "1"]

1. e4 e6 2. d4 d5 3. Nc3 Bb4 4. a3 Bxc3+ 5. bxc3 dxe4 6. Qg4 Nf6 7. Qxg7 Rg8 8. Qh6 Rg6 9. Qd2 Nbd7 10. Ne2 b6 11. Nf4 Rg8 12. g3 Bb7 13. Rg1 e5 14. dxe5 Nxe5 15. Qd4 Nf3+ 16. Ke2 Nxd4+ 0-1

[Event "HUN-ch U10"]
[Site "Balatonlelle"]
[Date "2013.06.25"]
[Round "5"]
[White "Pribelszky, Bence"]
[Black "Diller, Denis"]
[Result "1/2-1/2"]
[WhiteElo "1734"]
[BlackElo "1612"]
[PlyCount "94"]
[EventDate "2013.??.??"]
[EventType "tourn"]
[EventRounds "9"]
[EventCountry "HUN"]
[SourceTitle "EXT 2014"]
[Source "ChessBase"]
[SourceDate "2013.11.20"]
[SourceVersion "1"]
[SourceVersionDate "2013.11.20"]
[SourceQuality "1"]

1. e4 e6 2. d4 d5 3. Nc3 Bb4 4. e5 c5 5. a3 Bxc3+ 6. bxc3 Qc7 7. Qg4 f5 8. Bb5+ Nc6 9. Qh5+ g6 10. Qe2 Bd7 11. Bb2 Nge7 12. Nf3 a6 13. Bxc6 Nxc6 14. 0-0 Na5 15. a4 b5 16. Rfb1 bxa4 17. Ba3 Bb5 18. Qd2 Nc4 19. Qg5 Nxa3 20. Rxa3 0-0 21. h4 Qg7 22. Qg3 h6 23. Ne1 c4 24. Qh3 g5 25. hxg5 hxg5 26. g3 Kf7 27. Qg2 Rh8 28. Nf3 Rh6 29. Rxa4 Rah8 30. Rxb5 Rh1+ 31. Qxh1 Rxh1+ 32. Kxh1 Qh6+ 33. Kg2 axb5 34. Ra7+ Kg6 35. Ra6 Qh7 36. Rxe6+ Kh5 37. Rd6 g4 38. Nh4 f4 39. Ng6 f3+ 40. Kf1 Kg5 41. Kg1 Qa7 42. Nf4 Qa1+ 43. Kh2 Qf1 44. Rg6+ Kf5 45. Rf6+ Ke4 46. e6 Qxf2+ 47. Kh1 Qf1+ 1/2-1/2

[Event "HUN-ch U10"]
[Site "Balatonlelle"]
[Date "2013.06.22"]
[Round "2"]
[White "Kovacsy, Barnabas"]
[Black "Diller, Denis"]
[Result "0-1"]
[WhiteElo "1518"]
[BlackElo "1612"]
[PlyCount "90"]
[EventDate "2013.??.??"]
[EventType "tourn"]
[EventRounds "9"]
[EventCountry "HUN"]
[SourceTitle "EXT 2014"]
[Source "ChessBase"]
[SourceDate "2013.11.20"]
[SourceVersion "1"]
[SourceVersionDate "2013.11.20"]
[SourceQuality "1"]

1. e4 Nc6 2. Nf3 d5 3. exd5 Qxd5 4. Nc3 Qh5 5. Be2 Bg4 6. h3 0-0-0 7. d3 Nh6 8. Bxh6 gxh6 9. Qd2 Bxf3 10. Bxf3 Qe5+ 11. Qe3 Qxe3+ 12. fxe3 Nb4 13. 0-0-0 Bg7 14. a3 Na6 15. Rhf1 f5 16. g4 Bf6 17. gxf5 Bg5 18. Rde1 Nc5 19. Kb1 Nd7 20. Ne4 Bh4 21. Re2 Rhf8 22. Bg2 Rf7 23. Rf4 Bg5 24. Nxg5 hxg5 25. Bd5 Rf6 26. Rb4 Nc5 27. e4 c6 28. Rc4 b6 29. Be6+ Nxe6 30. fxe6 Rxe6 31. d4 Kb7 32. Re3 h6 33. c3 h5 34. Rg3 Rg6 35. e5 g4 36. Kc2 h4 37. d5 hxg3 38. Rxc6 Rxc6 39. dxc6+ Kxc6 40. hxg4 g2 41. Kb3 g1Q 42. Ka4 Qd1+ 43. b3 Rd4+ 44. cxd4 Qxd4+ 45. b4 Qd1# 0-1